| 000 | 00517cam a2200193 a 4500 | ||
|---|---|---|---|
| 020 | _a0862323452 | ||
| 020 | _a9780862323455 | ||
| 020 | _a0862323460 | ||
| 020 | _a9780862323462 | ||
| 040 | _cDLC | ||
| 082 | 0 | 0 | _a305 RAH 1986 C166 Or. |
| 100 | 1 | _aRahman, Atiur, | |
| 245 | 1 | 0 |
_aPeasants and classes : _ba study in differentiation in Bangladesh / |
| 260 |
_aLondon ; _aNew Jersey : _bZed Books, _c1986. |
||
| 300 |
_avii, 295 pages ; _c23 cm |
||
| 650 | 0 | _aPeasants | |
| 650 | 0 | _aSocial classes | |
| 942 | _cAEDBB | ||
| 999 |
_c19354 _d19354 |
||